COMMUNITY BASED NURSING (Record no. 864439)

MARC details
000 -LEADER
fixed length control field 00319nam a2200145Ia 4500
008 - FIXED-LENGTH DATA ELEMENTS--GENERAL INFORMATION
fixed length control field 230901s1998 xx 000 0 und d
041 ## - LANGUAGE CODE
Language code of text/sound track or separate title eng
082 ## - DEWEY DECIMAL CLASSIFICATION NUMBER
Classification number 610.7343/MCE
100 ## - MAIN ENTRY--PERSONAL NAME
Personal name MCEWEN
245 ## - TITLE STATEMENT
Title COMMUNITY BASED NURSING
250 ## - EDITION STATEMENT
Edition statement 2nd ed
260 ## - PUBLICATION, DISTRIBUTION, ETC.
Name of publisher, distributor, etc. MOSBY
Date of publication, distribution, etc. 1998
300 ## - PHYSICAL DESCRIPTION
Extent 494
650 ## - SUBJECT ADDED ENTRY--TOPICAL TERM
Topical term or geographic name entry element COMMUNITY
Holdings
Withdrawn status Lost status Damaged status Not for loan Home library Current library Date acquired Cost, normal purchase price Total Checkouts Full call number Barcode Date last seen Price effective from Koha item type
        College of Nursing, Navi Mumbai College of Nursing, Navi Mumbai 10/07/2010 2305.00   610.7343/MCE NCM-N-1024 01/08/2024 02/09/2023 Book